| 000 | 00566nam a2200181 4500 | ||
|---|---|---|---|
| 001 | 111136 | ||
| 003 | ES-MaACL | ||
| 005 | 20230906185240.0 | ||
| 007 | t| | ||
| 008 | 061121s1965 sp r ||||1| spa d | ||
| 100 | 1 |
_aOlalde, Javier R. _986643 |
|
| 245 | 1 | 0 |
_aEnsueños y agonías _b: poemas / _cJavier R. Olalde ; prólogo de Alfonso de Castilla. |
| 260 |
_aMadrid : _bS.O.L., _c1965. |
||
| 300 |
_a111 p. : _b1 retr. aut. ; _c22 cm. |
||
| 700 | 1 |
_aCastilla, Alfonso de. _936642 |
|
| 852 |
_aES-MaACL _jC-28120 _bR.57463 |
||
| 852 |
_aES-MaACL _jC-29766 _bR.57734 |
||
| 999 |
_c111136 _d111136 |
||